| 000 | 00364nam a2200145Ia 4500 | ||
|---|---|---|---|
| 008 | 151213s9999 xx 000 0 und d | ||
| 100 | _aRhodri Jones | ||
| 245 |
_aNew English First _cRhodri Jones |
||
| 260 |
_aLondon _bHcinemann Educational Books _c1978 |
||
| 300 | _a3137 p. | ||
| 650 | _aEnglish | ||
| 650 | _aEnglish | ||
| 700 | _aRhodri Jones | ||
| 999 |
_c2162 _d2162 |
||